Participants au Royal Rumble match 2023 - Statistiques

Statistiques générales
  • Ce quiz a été pris 131 fois
  • Le résultat moyen est 16 sur 29
Statistiques - réponses
Entrée Temps Réponse % Correct
30 15:08 Cody Rhodes
84%
9 39:10 Drew McIntyre
78%
1 1:11:40 Gunther
78%
12 02:28 Brock Lesnar
75%
15 37:18 Seth Rollins
74%
18 25:44 Dominik Mysterio
73%
20 07:45 Finn Balor
73%
2 52:33 Sheamus
72%
24 01:04 Edge
69%
22 04:03 Damian Priest
68%
29 10:57 Logan Paul
67%
3 04:23 The Miz
67%
28 09:14 Ricochet
64%
13 07:14 Bobby Lashley
61%
27 11:12 Braun Strowman
59%
4 14:51 Kofi Kingston
55%
16 03:18 Otis
52%
6 10:29 Xavier Woods
52%
26 02:26 Omos
50%
25 15:39 Austin Theory
48%
8 8:42 Chad Gable
48%
21 00:42 Booker T
35%
23 00:44 Montez Ford
34%
14 00:07 Baron Corbin
31%
11 02:28 Angelo Dawkins
30%
5 29:57 Johnny Gargano
30%
10 04:56 Santos Escobar
27%
7 04:11 Karrion Kross
24%
19 00:39 Elias
18%
Aucun quiz correspondant
Distribution des résultats
% des personnes avec chaque résultat
Percentile par nombre de réponses
Votre historique - résultats
Vous n’avez pas pris ce quiz